Photos de jeunesse... Qui est-ce ? - Statistiques

Statistiques générales
  • Ce quiz a été pris 79 fois
  • Le résultat moyen est 8 sur 26
Statistiques - réponses
Par images Réponse % Correct
Staline
71%
Adolf Hitler
70%
Charles de Gaulle
59%
Nelson Mandela
49%
Mao Zedong
43%
Benito Mussolini
42%
François Mitterrand
42%
Philippe Pétain
38%
Winston Churchill
38%
Gandhi
35%
Franklin Delano Roosevelt
33%
Lénine
32%
Fidel Castro
30%
George V
29%
George VI
29%
Francisco Franco
26%
Elisabeth II
25%
Josip Broz Tito
20%
Dwight Eisenhower
17%
John Kennedy
17%
Guillaume II
16%
Jean Paul II
10%
François-Joseph
9%
Raymond Poincaré
7%
Nikita Kroutchev
6%
Albert 1er
1%
Aucun quiz correspondant
Distribution des résultats
% des personnes avec chaque résultat
Percentile par nombre de réponses
Votre historique - résultats
Vous n’avez pas pris ce quiz